How we read now : strategic choices for print, screen, and audio /

"The digital revolution has transformed reading. Onscreen text, audiobooks, podcasts, and videos often replace print. We make these swaps for pleasure reading, but also in schools. How We Read Now is a ringside seat to the impact of reading medium on learning. Teachers, administrators, libraria...

Full description

Bibliographic Details
Main Author: Baron, Naomi S. (Author)
Format: eBook
Language:English
Published: New York, NY : Oxford University Press, [2021]
Subjects:
Online Access:Connect to the full text of this electronic book

MARC

Tag First Indicator Second Indicator Subfields
LEADER 00000cam a2200000 i 4500
001 in00005719213
005 20260319182925.7
006 m o d
007 cr |||||||||||
008 201022t20212021nyu ob 001 0 eng
010 |a  2020044861 
040 |a DLC  |b eng  |e rda  |e pn  |c DLC  |d OCLCO  |d YDX  |d OCLCF  |d EBLCP  |d N$T  |d TOH  |d YDX  |d STBDS  |d TEFOD  |d IUL  |d BAL  |d K6U  |d MUU  |d OCLCO  |d OCLCQ  |d RC9  |d SFB  |d OCLCQ  |d OCLCO  |d OCLCL  |d OCLCQ  |d OCLCO  |d OCLCL  |d UKAHL  |d BRX  |d CLOUD 
019 |a 1256680467  |a 1492355365  |a 1548547796  |a 1550942794  |a 1565080942  |a 1568676173  |a 1570390226  |a 1572056897  |a 1572995118 
020 |a 9780190084103  |q electronic book 
020 |a 0190084103  |q electronic book 
020 |a 9780190084127  |q electronic book 
020 |a 019008412X  |q electronic book 
020 |a 9780190084110  |q electronic book 
020 |a 0190084111  |q electronic book 
020 |z 9780190084097  |q hardcover 
035 |a (OCoLC)1202731324  |z (OCoLC)1256680467  |z (OCoLC)1492355365  |z (OCoLC)1548547796  |z (OCoLC)1550942794  |z (OCoLC)1565080942  |z (OCoLC)1568676173  |z (OCoLC)1570390226  |z (OCoLC)1572056897  |z (OCoLC)1572995118 
037 |a A478D448-6A2B-4E47-86BA-5B0EAF7913E4  |b OverDrive, Inc.  |n http://www.overdrive.com 
042 |a pcc 
050 0 4 |a Z1033.E43  |b B369 2021eb 
072 7 |a EDU029020  |2 bisacsh 
072 7 |a EDU029000  |2 bisacsh 
072 7 |a EDU000000  |2 bisacsh 
072 7 |a EDU041000  |2 bisacsh 
072 7 |a LAN010000  |2 bisacsh 
072 7 |a LAN000000  |2 bisacsh 
072 7 |a SOC052000  |2 bisacsh 
072 7 |a SOC000000  |2 bisacsh 
082 0 0 |a 028/.90285  |2 23 
049 |a TXAM 
100 1 |a Baron, Naomi S.,  |e author.  |1 https://id.oclc.org/worldcat/entity/E39PBJjmRtPkCMFggVvGXb9v73 
245 1 0 |a How we read now :  |b strategic choices for print, screen, and audio /  |c Naomi S. Baron. 
264 1 |a New York, NY :  |b Oxford University Press,  |c [2021] 
264 4 |c ©2021 
300 |a 1 online resource (xi, 284 pages) 
336 |a text  |b txt  |2 rdacontent 
337 |a computer  |b c  |2 rdamedia 
338 |a online resource  |b cr  |2 rdacarrier 
504 |a Includes bibliographical references and index. 
505 0 |a Foreword / by Maryanne Wolf Introduction. The New Great Debate in reading -- Sizing up reading. What do we mean by "reading" and "reader"? -- What are you reading? -- Print reading : a gold standard? -- Reading in print versus onscreen. What research tells us : single texts -- What research tells us : multiple texts -- Strategies for effective reading onscreen -- Reading with audio. What research tells us about audio (and video) -- Strategies for effective reading with audio (and video) -- What's next? Strategizing reading in a digital world -- The road ahead. 
520 |a "The digital revolution has transformed reading. Onscreen text, audiobooks, podcasts, and videos often replace print. We make these swaps for pleasure reading, but also in schools. How We Read Now is a ringside seat to the impact of reading medium on learning. Teachers, administrators, librarians, and policymakers need to make decisions about classroom materials. College students must weigh their options. And parents face choices for their children. Digital selections are often based on cost or convenience, not educational evidence. Current research offers essential findings about how print and digital reading compare when the aim is learning. Yet the gap between what scholars and the larger public know is huge. How We Read Now closes the gap. The book begins by sizing up the state of reading today, revealing how little reading students have been doing. The heart of the book connects research insights to practical applications. Baron draws on work from international researchers, along with results from her collaborative studies of student reading practices ranging from middle school through college. The result is an impartial view of the evidence, including where the jury is still out. The book closes with two challenges. The first is that students increasingly complain print is boring. And second, for all the educational buzz about teaching critical thinking, digital reading is inherently ill-suited for cultivating these habits of mind. Since screens and audio are now entrenched - and valuable - platforms for reading, we need to rethink how to help learners use them wisely"--  |c Provided by publisher. 
588 |a Description based on online resource; title from digital title page (viewed on March 5, 2021). 
650 0 |a Reading  |x Technological innovations. 
650 0 |a Computers and literacy. 
650 0 |a Reading comprehension. 
650 0 |a Critical thinking. 
650 6 |a Lecture  |x Innovations. 
650 6 |a Ordinateurs et alphabétisation. 
650 6 |a Compréhension de la lecture. 
650 6 |a Pensée critique. 
650 7 |a Computers and literacy  |2 fast 
650 7 |a Critical thinking  |2 fast 
650 7 |a Reading comprehension  |2 fast 
650 7 |a EDUCATION.  |2 bisacsh 
650 7 |a Computers & Technology.  |2 bisacsh 
650 7 |a Sociolinguistics.  |2 bisacsh 
650 7 |a Linguistics.  |2 bisacsh 
650 7 |a LANGUAGE ARTS & DISCIPLINES.  |2 bisacsh 
655 7 |a Electronic books.  |2 local 
655 4 |a Electronic. 
758 |i has work:  |a How we read now (Text)  |1 https://id.oclc.org/worldcat/entity/E39PCGjXrXFTWGVyBxqyhp9qwC  |4 https://id.oclc.org/worldcat/ontology/hasWork 
776 0 8 |i Print version:  |a Baron, Naomi S.  |t How we read now.  |d New York : Oxford University Press, [2021]  |z 9780190084097  |w (DLC) 2020044860  |w (OCoLC)1198018505 
776 1 |z 9780190084097 
776 1 |z 9780197656884 
856 4 0 |u http://proxy.library.tamu.edu/login?url=https://academic.oup.com/book/41098  |z Connect to the full text of this electronic book  |t 0 
955 |a Oxford Scholarship Online 
994 |a 92  |b TXA 
999 f f |i fc23a9bb-9ed4-4f4c-a7fc-c19254984bb0  |s 3a8ecc56-fd49-43a0-8a2a-3dbe8d9a1d7d  |t 0 
952 f f |a Texas A&M University  |b College Station  |c Electronic Resources  |s www_evans  |d Available Online  |t 0  |e Z1033.E43 B369 2021eb  |h Library of Congress classification 
998 f f |a Z1033.E43 B369 2021eb  |t 0  |l Available Online